LEADER 02313nam 2200565 450 001 9910788735003321 005 20170822144316.0 010 $a1-4704-0222-X 035 $a(CKB)3360000000464817 035 $a(EBL)3114489 035 $a(SSID)ssj0000888764 035 $a(PQKBManifestationID)11465736 035 $a(PQKBTitleCode)TC0000888764 035 $a(PQKBWorkID)10867685 035 $a(PQKB)10788720 035 $a(MiAaPQ)EBC3114489 035 $a(RPAM)4504682 035 $a(PPN)195415175 035 $a(EXLCZ)993360000000464817 100 $a19980120h19981998 uy| 0 101 0 $aeng 135 $aur|n|---||||| 181 $ctxt 182 $cc 183 $acr 200 10$aAlgebraic structure of pseudocompact groups /$fDikran Dikranjan, Dmitri Shakhmatov 210 1$aProvidence, Rhode Island :$cAmerican Mathematical Society,$d[1998] 210 4$dİ1998 215 $a1 online resource (83 p.) 225 1 $aMemoirs of the American Mathematical Society,$x0065-9266 ;$vnumber 633 300 $a"May 1998, volume 133, number 633 (fourth of 5 numbers)." 311 $a0-8218-0629-7 320 $aIncludes bibliographical references (pages 76-83). 327 $a""Contents""; ""Abstract""; ""Acknowledgments""; ""Introduction""; ""1. Principal results""; ""2. Preliminaries""; ""3. Some algebraic and set-theoretic properties of pseudocompact groups""; ""4. Three technical lemmas""; ""5. Pseudocompact group topologies on V-free groups""; ""6. Pseudocompact topologies on torsion Abelian groups""; ""7. Pseudocompact connected group topologies on Abelian groups""; ""8. Pseudocompact topologizations versus compact ones""; ""9. Some diagrams and open questions""; ""10. Diagram 2""; ""11. Diagram 3""; ""Bibliography"" 410 0$aMemoirs of the American Mathematical Society ;$vno. 633. 606 $aTopological groups 606 $aCompact groups 615 0$aTopological groups. 615 0$aCompact groups. 676 $a510 s 676 $a512/.5 700 $aDikranjan$b Dikran N.$f1950-$054921 702 $aShakhmatov$b Dmitri$f1961- 801 0$bMiAaPQ 801 1$bMiAaPQ 801 2$bMiAaPQ 906 $aBOOK 912 $a9910788735003321 996 $aAlgebraic structure of pseudocompact groups$93861790 997 $aUNINA LEADER 03931nam 2200673Ia 450 001 9910956297103321 005 20251116221556.0 010 $a1-280-58060-7 010 $a9786613610386 010 $a0-300-16320-7 024 7 $a10.12987/9780300163209 035 $a(CKB)2560000000082653 035 $a(OCoLC)794670865 035 $a(CaPaEBR)ebrary10570991 035 $a(SSID)ssj0000686016 035 $a(PQKBManifestationID)11930687 035 $a(PQKBTitleCode)TC0000686016 035 $a(PQKBWorkID)10731962 035 $a(PQKB)11026029 035 $a(DE-B1597)486040 035 $a(DE-B1597)9780300163209 035 $a(Au-PeEL)EBL3420865 035 $a(CaPaEBR)ebr10570991 035 $a(CaONFJC)MIL361038 035 $a(OCoLC)923598477 035 $a(MiAaPQ)EBC3420865 035 $z(OCoLC)794670865 035 $a(EXLCZ)992560000000082653 100 $a20111109d2012 uy 0 101 0 $aeng 135 $aurcn||||||||| 181 $ctxt 182 $cc 183 $acr 200 14$aThe Communist manifesto /$fKarl Marx and Friedrich Engels ; edited and with an introduction by Jeffrey C. Isaac ; with essays by Steven Lukes ... [et al.] 205 $a1st ed. 210 $aNew Haven $cYale University Press$dc2012 215 $a1 online resource (229 p.) 225 1 $aRethinking the Western tradition 300 $aBibliographic Level Mode of Issuance: Monograph 311 08$a0-300-12301-9 320 $aIncludes bibliographical references and index. 327 $tFrontmatter --$tContents --$tAcknowledgments --$tIntroduction: Rethinking the Communist Manifesto --$tA Note on the Texts --$tPreliminary Drafts of the Communist Manifesto --$tDraft of a Communist Confession of Faith (1847) --$t''Principles Of Communism'' (1847) --$tThe Text of the Communist Manifesto Karl Marx and Friedrich Engels, the Communist Manifesto --$tAppendix: Prefaces to Various Language Editions --$tPreface to the German Edition of 1872 --$tPreface to the Russian Edition of 1882 --$tPreface to the German Edition of 1883 --$tPreface to the English Edition of 1888 --$tPreface to the German Edition of 1890 --$tPreface to the Polish Edition of 1892 --$tPreface to the Italian Edition of 1893 --$tThe Morals of the Manifesto --$tThe Communist Manifesto: Between Past and Present --$tReflections on the Fate of Marxism in Eastern Europe: Fulfillment or Bastardization? --$tMarxism and Globalization: Revisiting the Political in the Communist Manifesto --$tIndex --$tRethinking the Western Tradition 330 $aMarx and Engels's Communist Manifesto has become one of the world's most influential political tracts since its original 1848 publication. Part of the Rethinking the Western Tradition series, this edition of the Manifesto features an extensive introduction by Jeffrey C. Isaac, and essays by Vladimir Tismaneanu, Steven Lukes, Saskia Sassen, and Stephen Eric Bronner, each well known for their writing on questions central to the Manifesto and the history of Marxism. These essays address the Manifesto's historical background, its impact on the development of twentieth-century Communism, its strengths and weaknesses as a form of ethical critique, and its relevance in the post-1989, post-Cold War world. This edition also includes much ancillary material, including the many Prefaces published in the lifetimes of Marx and Engels, and Engels's "Principles of Communism." 410 0$aRethinking the Western tradition. 606 $aCommunism 615 0$aCommunism. 676 $a335.4/22 700 $aMarx$b Karl$f1818-1883.$032587 701 $aEngels$b Friedrich$f1820-1895.$036926 701 $aIsaac$b Jeffrey C.$f1957-$01888955 701 $aLukes$b Steven$0156548 801 0$bMiAaPQ 801 1$bMiAaPQ 801 2$bMiAaPQ 906 $aBOOK 912 $a9910956297103321 996 $aThe Communist manifesto$94528841 997 $aUNINA